000 00436nam a22001697a 4500
003 OSt
008 230403b |||||||| |||| 00| 0 eng d
020 _a9788194113843
082 _a658.804 CHP
100 _aCHANDRA,Prasanna
245 _aProjects Planning Analysis,Selection,Financing, Implementation and Review
250 _a9th Ed
260 _aNew Delhi
_bTMH
_c2020
300 _aMISC
650 _aProjects
942 _2ddc
_cREF
999 _c11921
_d11921